[Event "AUTO-ADV-4882"]
[Site "http://www.queenalice.com/game.php?id=1861006"]
[Date "2025.8.3"]
[Round "1"]
[White "jogo"]
[Black "jagiellonczyk"]
[Result "1-0"]
[WhiteElo "1727"]
[BlackElo "2151"]

1. e4 e5 2. Nf3 Nc6 3. c3 Nf6 4. Qa4 a6 5. Qc2 Bc5 6. b4 Ba7 7. b5 axb5 8. Bxb5
d6 9. d4 Bd7 10. dxe5 Nxe5 11. Bxd7+ Nexd7 12. O-O O-O 13. h3 Re8 14. Re1 Qe7
15. Bg5 Qe6 16. Nd4 Bxd4 17. cxd4 c6 18. Nd2 Ra5 19. f4 h6 20. f5 Qe7 21. Bf4
Rc8 22. Nc4 Raa8 23. Bxd6 Qe8 24. Ba3 Qd8 25. Nd6 Rcb8 26. Re3 Nf8 27. e5 Nd5
28. Rg3 Qd7 29. Rf1 Nh7 30. Ne4 b5 31. Nc5 Qc7 32. Ne4 Qb6 33. Bc5 Qa5 34. f6 g6
35. a3 Nc7 36. Qc1 g5 37. h4 Ne6 38. hxg5 hxg5 39. Nxg5 Nhxg5 40. Rxg5+ Kh7 41.
Rh5+ Kg8 42. Qh6 1-0

[Event "AUTO-ADV-4883"]
[Site "http://www.queenalice.com/game.php?id=1861238"]
[Date "2025.8.7"]
[Round "1"]
[White "jagiellonczyk"]
[Black "Zero007"]
[Result "0-1"]
[WhiteElo "2115"]
[BlackElo "2160"]

1. e4 e5 2. Nf3 Nf6 3. Nc3 Nc6 4. Bb5 a6 5. Bxc6 dxc6 6. Nxe5 Nxe4 7. Nxe4 Qd4
8. O-O Qxe5 9. Re1 Be6 10. d3 O-O-O 11. Rb1 Qd5 12. b3 Qd7 13. Nc5 Bxc5 14. Bb2
Bg4 15. Qd2 f6 16. Qc3 Rhe8 17. b4 Rxe1+ 18. Rxe1 Bd4 19. Qb3 Re8 20. Rxe8+ Qxe8
21. h3 Qe1+ 22. Kh2 Qe5+ 23. g3 Be6 24. Bxd4 Qf5 25. c4 Qxh3+ 26. Kg1 Bg4 27. c5
Be6 28. Qd1 Bd5 29. f3 Qxg3+ 30. Kf1 Qxf3+ 31. Qxf3 Bxf3 32. Kf2 Bd5 33. a3 Kd7
34. a4 Bb3 35. a5 Ke6 36. Ke3 g5 37. Kf3 h5 38. Bg1 Kd5 39. Ke3 f5 40. Kd2 Ke6
41. d4 f4 42. Kd3 Bd5 43. Bh2 Kf5 44. Ke2 g4 45. Bg1 h4 46. Bf2 g3 47. Bg1 h3
48. Kf1 Bc4+ 49. Ke1 h2 0-1

[Event "AUTO-ADV-4884"]
[Site "http://www.queenalice.com/game.php?id=1868192"]
[Date "2026.1.19"]
[Round "2"]
[White "Fauquinelle"]
[Black "jagiellonczyk"]
[Result "0-1"]
[WhiteElo "2047"]
[BlackElo "2105"]

1. e4 e5 2. Nf3 Nc6 3. Bc4 Bc5 4. c3 d6 5. O-O Bg4 6. d3 a6 7. Bxf7+ Kxf7 8.
Qb3+ Kf8 9. Ng5 Qd7 10. Be3 Na5 11. Qc2 h6 12. f3 Bxe3+ 13. Kh1 Bh5 14. Nh3 Bf7
15. Nf2 Bxf2 16. Rxf2 Nf6 17. Nd2 b6 18. Raf1 d5 19. d4 exd4 20. cxd4 Nc6 21.
Qc3 Ne7 22. e5 Ne8 23. f4 Be6 24. Qd3 Bf5 0-1